| 000 -CABECERA |
| Longitud fija campo de control |
00789cam a2200253 a 4500 |
| 001 - NÚMERO DE CONTROL |
| Número de control |
991051878639706706 |
| 003 - IDENTIFICADOR DEL NÚMERO DE CONTROL |
| Identificador del número de control |
OSt |
| 005 - FECHA Y HORA DE LA ÚLTIMA TRANSACCIÓN |
| Fecha y hora de la última transacción |
20231025133553.0 |
| 008 - CÓDIGOS DE INFORMACIÓN DE LONGITUD FIJA |
| Códigos de información de longitud fija |
990916s1926 spca||||| 000 0dspa|c |
| 035 ## - NÚMERO DE CONTROL DEL SISTEMA |
| Número de control del sistema |
(ES-BaCBU).b23711577 |
| 035 ## - NÚMERO DE CONTROL DEL SISTEMA |
| Número de control del sistema |
(OCoLC)807256921 |
| 040 ## - FUENTE DE LA CATALOGACIÓN |
| Centro catalogador de origen |
ES-BaCBU |
| Lengua de catalogación |
cat |
| Centro transcriptor |
CDMR |
| 090 ## - CAMPOS LOCALES |
| Número de clasificación (OCLC) ; Número de clasificación,LLAMADA (RLIN) |
PN5319.B373 |
| Signatura local (OCLC) ; Signatura sin dividir, número de libro, CALL (RLIN) |
C67 1926 |
| 245 03 - MENCIÓN DE TÍTULO |
| Título |
El Correo Catalán, 1876-1926 |
| 260 ## - PUBLICACIÓN, DISTRIBUCIÓN, ETC. (PIE DE IMPRENTA) |
| Lugar de publicación, distribución, etc. |
[Barcelona : |
| Nombre del editor, distribuidor, etc. |
El Correo Catalán, |
| Fecha de publicación, distribución, etc. |
1926] |
| 300 ## - DESCRIPCIÓN FÍSICA |
| Extensión |
1 vol. : |
| Otras características físicas |
il. ; |
| Dimensiones |
30 cm |
| 630 07 - PUNTO DE ACCESO ADICIONAL DE MATERIA - TÍTULO UNIFORME |
| Título uniforme |
Correo catalán (Diari) |
| Subdivisión de materia general |
Història |
| Subdivisión cronológica |
1876-1926 |
| Fuente del encabezamiento o término |
lemac |
| 650 04 - PUNTO DE ACCESO ADICIONAL DE MATERIA - TÉRMINO DE MATERIA |
| Término de materia o nombre geográfico como elemento inicial |
Premsa |
| Subdivisión geográfica |
Barcelona |
| Subdivisión de materia general |
Història |
| Subdivisión cronológica |
1876-1926 |
| 730 0# - PUNTO DE ACCESO ADICIONAL - TÍTULO UNIFORME |
| Título uniforme |
Correo catalán |
| 907 ## - ELEMENTO G DATOS LOCALES, GDL (RLIN) |
| a |
.b23711577 |
| b |
21-04-21 |
| c |
08-05-08 |
| d |
16-09-99 |
| e |
m |
| f |
a |
| g |
- |
| h |
spa |
| i |
spc |
| j |
3 |
| k |
4 |
| 908 ## - CONTROL DE PARÁMETROS (RLIN) |
| Parametro de comando lanzado |
UPF |
| -- |
BPEB |
| -- |
AHCB |
| -- |
UAB |
| 940 ## - |
| T&íacute;tulo uniforme |
<a href="UPF">UPF</a> |
| 942 ## - ENTRADA DE ELEMENTOS AGREGADOS (KOHA) |
| Fuente de clasificaión o esquema |
|
| Koha [por defecto] tipo de item |
Monografies |